Estadística del subsector pecuario en los Estados Unidos Mexicano (Registro nro. 10847)

Detalles MARC
000 -LEADER
fixed length control field 00654nam a22001811a 4500
001 - CONTROL NUMBER
control field 10847
003 - CONTROL NUMBER IDENTIFIER
control field OSt
005 - DATE AND TIME OF LATEST TRANSACTION
control field 20260204212214.0
008 - FIXED-LENGTH DATA ELEMENTS--GENERAL INFORMATION
fixed length control field 100506s1981||||mx ||||||b||||||||||spa||
050 ## - LIBRARY OF CONGRESS CALL NUMBER
Classification number 338.18 S25e
110 ## - ASIENTO PRINCIPAL -- NOMBRE CORPORATIVO
Corporate name or jurisdiction name as entry element Secretaria de Agricultura y Recursos Hidraúlicos. Subsecretaria de Agricultura y Operaciones. Direccion General de Economía Agrícola
245 ## - TÍTULO PROPIAMENTE DICHO: SUBTÍTULO
Title Estadística del subsector pecuario en los Estados Unidos Mexicano
264 ## - PRODUCTION, PUBLICATION, DISTRIBUTION, MANUFACTURE, AND COPYRIGHT NOTICE
Place of production, publication, distribution, manufacture México : SARH
300 ## - PHYSICAL DESCRIPTION
Extensión 155 p
650 ## - ASIENTO SECUNDARIO DE MATERIA -- TERMINO TEMÁTICO
Termino Temático Como Elemento de Entrada Agropecuaria - Políticas Gubernamentales 2.Agropecuaria - México
700 ## - ASIENTO SECUNDARIO -- NOMBRE PERSONAL
Personal name Dirección General de Economía AgrícolaÌ
942 ## - ADDED ENTRY ELEMENTS (KOHA)
Source of classification or shelving scheme Dewey Decimal Classification
Koha item type Libros
Existencias
Withdrawn status Lost status Source of classification or shelving scheme Damaged status Not for loan Current library Date acquired Total Checkouts Full call number Barcode Date last seen Price effective from Koha item type
    Dewey Decimal Classification     Biblioteca UTECO 09/09/2019   338.18 S25E 015382 09/09/2019 09/09/2019 Libros
© 2021 Derechos Reservados UTECO - Teléfono: +1 809-585-2291 - Correo electrónico: biblioteca@uteco.edu.do​  
Código postal 43000 ​​
Dirección: Avenida Universitaria No. 100, 
Cotuí, Provincia Sánchez Ramírez, República Dominicana - RNC: 404-00059-6